Statistics for Subway UK menu

Click here to take the quiz!

General Stats

  • This quiz has been taken 21 times
    (20 since last reset)
  • The average score is 18 of 83

Answer Stats

HintAnswer% Correct
Breakfast subBacon
64%
SubMeatball marinara
64%
Salad bowlMeatball marinara
64%
Kids packTuna
55%
Salad bowlTuna
55%
SubTuna
55%
Toasted biteTuna
55%
SubBMT
45%
Salad bowlBMT
45%
SubChicken teriyaki
45%
Salad bowlHam
45%
Kids packHam
45%
SubHam
45%
SubSpicy italian
45%
Salad bowlSpicy italian
45%
Salad bowlSteak and cheese
45%
SubSteak and cheese
45%
Toasted biteSteak and cheese
45%
CookieChocolate chip
36%
Breakfast subSausage
36%
Kids packVeggie
36%
Breakfast subBacon, egg and cheese
27%
Toasted biteCheese
27%
Salad bowlChicken and bacon ranch
27%
SubChicken and bacon ranch
27%
SubChicken tikka
27%
Salad bowlChicken tikka
27%
CookieDouble chocolate chip
27%
SideHash browns
27%
CookieOatmeal raisin
27%
SideBowl of meatballs
18%
SubChicken breast
18%
Kids packChicken breast
18%
Salad bowlChicken breast
18%
SnackDoritos
18%
Breakfast subEgg and cheese
18%
Toasted biteHam and cheese
18%
SubMeatless meatball marinara
18%
Salad bowlMeatless meatball marinara
18%
Breakfast subMega melt
18%
Breakfast subSausage, egg and cheese
18%
Kids packTurkey breast
18%
Salad bowlTurkey breast
18%
SubTurkey breast
18%
Salad bowlTurkey breast and ham
18%
SubTurkey breast and ham
18%
Signature wrapBBQ chicken and bacon
9%
TreatCadbury's caramel muffin
9%
SideCheese toastie
9%
SideCheesy nachos
9%
SubChicken pizziola
9%
Salad bowlChicken pizziola
9%
Salad bowlChipotle chicken
9%
SubChipotle chicken melt
9%
TreatChocolate doughnut
9%
Salad bowlFestive feast
9%
SideMeat feast
9%
Breakfast subMega melt poached egg
9%
TreatNutella muffin
9%
TreatOreo muffin
9%
SidePepperoni pizza toastie
9%
SnackQuavers
9%
CookieRainbow candy chip
9%
SubRotisserie style chicken
9%
SubSteak and chorizo
9%
Salad bowlSteak and chorizo melt
9%
SubSubway melt
9%
TreatSugar doughnut
9%
SubVegan
9%
Signature wrapVegan
9%
SubVegan patty
9%
Salad bowlVegan patty
9%
SnackWalkers cheese and onion
9%
SnackWalkers ready salted
9%
CookieWhite chocolate macademia nut
9%
SideCheesy garlic bread
0%
Signature wrapChipotle steak and cheese
0%
SideGarden side salad
0%
SubSteak and bacon melt
0%
Salad bowlSteak and bacon melt
0%
Salad bowlThai chicken
0%
SubVeggie delight
0%
Salad bowlVeggie delight
0%

Score Distribution

Percentile by Number Answered

Percent of People with Each Score

Your Score History

You have not taken this quiz since the last reset